• 首页
  • 本馆介绍
  • 公告通知
  • 最新文献
  • 馆藏检索
  • 电子资源
  • 读者导购
  • 参考咨询
  • 我的图书馆
  • 登录
  • 详细信息显示
  • 放入我的书架
  • 预约/预借图书
  • 作者相关作品
  • 分类相关作品
  • 丛书相关作品
  • 出版社相关作品

书目信息

  • 表格格式
  • 工作单格式
  • 卡片格式
题名:
常用收信电子管应用手册
    
 
作者: ;张树松 译 ;日本“无线电实验”杂志社 编
分册:  
出版信息: 北京   人民邮电出版社  1958
页数: 268页
开本: 21cm
丛书名:
单 册:
中图分类: TN118-62
科图分类:
主题词: 收讯放大管--手册 , 电子管
电子资源:
ISBN:
000 00773nam0 2200253 45 980
001 0639073033
005 20060804105314.56
010    @dCNY1.00
091    @a15045总781-无200
100    @a19970715d1958 em y0chiy0121 ea
101 1  @achi@cjpn?
102    @aCN@b110000
105    @ay z 000yy
106    @ar
200 10 @a常用收信电子管应用手册@Achang yong shou xin dian zi guan ying yong shou ce@f日本“无线电实验”杂志社编@g张树松译
210    @a北京@c人民邮电出版社@d1958
215    @a268页@d21cm
606    @a收讯放大管@x手册
606 0  @a电子管
690    @aTN118-62@v3
702  0 @a张树松@4译@Azhang shu song
711 02 @a日本“无线电实验”杂志社@4编@Ari ben“ wu xian dian shi yan” za zhi she
801 0  @c20060804
905    @a10447@dTN118-62@e55
    
    常用收信电子管应用手册/日本“无线电实验”杂志社编/张树松译 .-北京:人民邮电出版社,1958
    268页;21cm
    
    
    ISBN :CNY1.00
    
●
相关链接 在E读中查询图书 在五车中查询图书 在当当中查询图书 在豆瓣中查询图书


正题名:常用收信电子管应用手册     索取号:TN118-62/55         预约/预借

序号 登录号 条形码 馆藏地/架位号 状态 备注
1 0439723   204397232   密集书库/ [索取号:TN118-62/55] 在馆    
唐山师范学院图书馆 欢迎您!
大连网信软件有限公司© 版权所有